00950nam a2200253Ia 4500003000400000005001700004008004100021020001500062040001800077041000800095082002200103100002900125245010100154250001200255260004200267300002900309650003400338650003400372650003900406700003000445942003200475999001900507952017000526OSt20250529114452.0210716s2003 xx 000 0 und d a8177223275 cAIMIT LIBRARY aeng a006.671 21bTROA aTrottier, Alain.9211633 aJava 2 version 1.4 : bprogramming little black book /cBy Alain Trottier Edited by Al Williams. a1st ed. aNew Delhi :bDreamtech Press ,c2003. axiv,438p. ;bPBc24.5 cm aEssential java syntax9211634 aBlocks and statements9211635 aJava database connectivity9211636 aWilliams, Al, ed.9211637 2ddccBKe1st k006.671 TROA c186278d186278 00102ddc40708MCAaAIMITbAIMITeSita Book Houseg199.00iBill no:25565; Bill dt:2004-04-0l0o006.671 TROApMCA05786r2025-07-21 00:00:00v159.20w2021-07-16yBK